000 00399nam a2200133Ia 4500
999 _c2845
_d2845
008 200103s 1999 ||||xx |||||||||||||| ||und||
020 _a8186270019
082 _a697.9315
_bBAN
100 _aBanwait, S.S. and Laroiya, S.C.
245 0 _aProperties of Refregerant and Psychrometric tables & charts in S.I. Units
260 _bBirla Publications
_c1999
_aDelhi
300 _a55p.
942 _cBK